Normal view
MARC view
- العنف المنزلي-المرأة-المشاكل الاجتماعية
Entry Topical Term
001 - CONTROL NUMBER
- control field: 61513
003 - CONTROL NUMBER IDENTIFIER
- control field: JO-AjAnu
005 - DATE AND TIME OF LATEST TRANSACTION
- control field: 20230606084042.0
008 - FIXED-LENGTH DATA ELEMENTS
- fixed length control field: 230606|| aca||aabn | a|a d
040 ## - CATALOGING SOURCE
- Original cataloging agency: JO-AjAnu
- Transcribing agency: JO-AjAnu
150 ## - HEADING--TOPICAL TERM
- Topical term or geographic name entry element: العنف المنزلي-المرأة-المشاكل الاجتماعية
670 ## - SOURCE DATA FOUND
- Source citation: Work cat.: (JO-AjAnu)31376: بحري، منى يونس, author 61512, مشكلات الاسرة عنف الازواج ضد الزوجات